Game of Thrones: Name the Seven - Statistics

General Stats
  • This quiz has been taken 31 times
  • The average score is 4 of 7
Answer Stats
ANSWER % Correct
The Mother
96%
The Father
83%
The Stranger
75%
The Warrior
58%
The Smith
42%
The Maiden
38%
The Crone
33%
No matching quizzes found
Score Distribution
Percent of People with Each Score
Percentile by Number Answered
Your Score History
You have not taken this quiz